000 00736cam a22002653a 4500
001 753
003 PGUSA
005 20140828082952.0
008 961201s1996||||xxu|||||s|||||000 1 eng d
040 _aPGUSA
_beng
042 _adc
050 4 _aPS
100 1 _aWhite, Stewart Edward,
_d1873-1946
245 1 0 _aArizona Nights
_h[electronic resource] /
_cStewart Edward White
260 _bProject Gutenberg,
_c1996
506 _aPublic domain in the USA.
516 _aElectronic text
653 _aCattle breeders -- Fiction
653 _aArizona -- Fiction
653 _aWestern stories
653 _aCowboys -- Fiction
830 0 _aProject Gutenberg
_v753
856 4 0 _uhttp://www.gutenberg.org/ebooks/753
942 _cEB
999 _c230104
_d230104